000 00471nam a22001697a 4500
005 20251108164117.0
008 250721s1983 xx 000 0 ara d
082 1 4 _a210/محم
100 1 _aالغزالي، محمد
245 1 0 _aالإسلام و الطاقات المعطلة /
250 _aط4.
264 1 _aالقاهرة :
_bدار الكتب الإسلامية،
_c1983.
300 _a214 ص
650 1 7 _aالإسلام
942 _2ddc
_cBK
999 _c3894
_d3894